Estudio de la cuestión de límites entre las Repúblicas del Perú y del Ecuador / (Record no. 138607)

MARC details
000 -LEADER
campo de control de longitud fija 00923nam a2200229 i 4500
001 - NÚMERO DE CONTROL
campo de control 138607
003 - IDENTIFICADOR DE NÚMERO DE CONTROL
campo de control ES-MaACL
005 - FECHA Y HORA DE LA ÚLTIMA TRANSACCIÓN
campo de control 20260122124847.0
007 - CAMPO FIJO DE DESCRIPCIÓN FÍSICA--INFORMACIÓN GENERAL
campo de control de longitud fija t|
008 - DATOS DE LONGITUD FIJA--INFORMACIÓN GENERAL
campo de control de longitud fija 070214s1907 sp |||| | spa d
100 1# - ENTRADA PRINCIPAL--NOMBRE DE PERSONA
Nombre de persona Santamaría de Paredes, Vicente,
Fechas asociadas al nombre 1853-1924
9 (RLIN) 103306
245 10 - MENCIÓN DEL TÍTULO
Título Estudio de la cuestión de límites entre las Repúblicas del Perú y del Ecuador /
Mención de responsabilidad, etc. por D. Vicente Santamaría de Paredes.
260 ## - PUBLICACIÓN, DISTRIBUCIÓN, ETC.
Lugar de publicación, distribución, etc. Madrid :
Nombre del editor, distribuidor, etc. [s. n.],
Fecha de publicación, distribución, etc. 1907 (
Fabricante Hijos de M. G. Hernández)
300 ## - DESCRIPCIÓN FÍSICA
Extensión 307 p., 6 h. ;
Dimensiones 27 cm.
530 ## - NOTA DISPONIBLE DE FORMULARIO FÍSICO ADICIONAL
Nota de formato físico adicional disponible Disponible en formato digital.
651 #4 - PUNTO DE ACCESO ADICIONAL DE MATERIA--NOMBRE GEOGRÁFICO
Nombre geográfico Perú-
Subdivisión general Fronteras-
Subdivisión geográfica Ecuador.
9 (RLIN) 9222
651 #4 - PUNTO DE ACCESO ADICIONAL DE MATERIA--NOMBRE GEOGRÁFICO
Nombre geográfico Ecuador-
Subdivisión general Fronteras-
Subdivisión geográfica Perú.
9 (RLIN) 8133
852 ## - LOCALIZACIÓN
Ubicación ES-MaACL
Número de control de estantería G-6655
Ubicación en estantería Depósito 2
856 4# - LOCALIZACIÓN Y ACCESO ELECTRÓNICOS
Identificador Uniforme de Recursos <a href="http://bibliotecadigitalhispanica.bne.es:80/webclient/DeliveryManager?pid=2918238&custom_att_2=simple_viewer">http://bibliotecadigitalhispanica.bne.es:80/webclient/DeliveryManager?pid=2918238&custom_att_2=simple_viewer</a>
Texto de enlace (Biblioteca Digital Hispánica)
942 ## - ELEMENTOS DE ENTRADA SECUNDARIOS (KOHA)
Fuente del sistema de clasificación o colocación Clasificación decimal universal
Holdings
Estatus retirado Estado de pérdida Estado de daño No para préstamo Colección Biblioteca de origen Biblioteca actual Ubicación en estantería Fecha de adquisición Fuente de adquisición Total de préstamos Signatura topográfica completa Código de barras Visto por última vez Precio de reemplazo Tipo de ítem Koha
        Colección digital Biblioteca del Ateneo de Madrid Biblioteca del Ateneo de Madrid Depósito 2 17/01/2008     G-6655 1144234 23/02/2023 23/02/2023 Libro impreso